[Event "Challenge"]
[Site "http://www.queenalice.com/game.php?id=497810"]
[Date "2008.11.24"]
[Round "-"]
[White "Papi"]
[Black "borisp"]
[Result "0-1"]
[WhiteElo "1759"]
[BlackElo "1730"]

1. e4 e5 2. Nf3 d6 3. d4 Be7 4. Bc4 exd4 5. Nxd4 Nf6 6. Qf3 h6 7. Qb3 O-O 8. f3
c6 9. g4 Nh7 10. Rg1 Bh4+ 11. Kd1 Qf6 12. Be3 Ng5 13. Bxg5 Qxd4+ 14. Ke2 Qxg1
15. Bxh4 Qxh2+ 16. Bf2 b5 17. Bxb5 cxb5 18. Qd5 Ba6 19. Qxa8 b4+ 20. Ke3 Qh1 21.
Qd5 Qc1+ 22. Qd2 Qxb2 23. Bg3 Qxa1 24. Qxb4 Rc8 25. Nc3 Rxc3+ 26. Kd2 Rc8 27.
Bxd6 Nc6 28. Qa4 Nd4 29. Ke3 Qc3+ 30. Kf4 Ne6+ 0-1

[Event "Revancha"]
[Site "http://www.queenalice.com/game.php?id=505943"]
[Date "2008.12.11"]
[Round "-"]
[White "borisp"]
[Black "Papi"]
[Result "0-1"]
[WhiteElo "1846"]
[BlackElo "1751"]

1. e4 e5 2. Nf3 d6 3. d4 f5 4. dxe5 fxe4 5. Ng5 d5 6. e6 Bc5 7. Qg4 Qf6 8. Qf4
h6 9. Nf7 Rh7 10. Be3 Bxe3 11. fxe3 Bxe6 12. Ne5 Nc6 13. Bb5 a6 14. Bxc6+ bxc6
15. O-O O-O-O 16. Nxc6 Rf8 17. Qxf6 gxf6 18. Nc3 Rg7 19. g3 Bd7 20. Nd4 Ne7 21.
a4 h5 22. Kg2 h4 23. Nce2 c5 24. Nb3 Nf5 25. Nxc5 Nxe3+ 26. Kf2 Nxf1 27. Rxf1
Rfg8 28. b3 a5 29. Rg1 f5 30. Nf4 d4 31. Nd5 e3+ 32. Kf3 Bc6 33. c4 dxc3 34.
Kxe3 Bxd5 35. Kf4 Rc7 36. Nd3 Bxb3 37. Kxf5 Bc2 0-1

[Event "First Game - Primer  Partido"]
[Site "http://www.queenalice.com/game.php?id=549916"]
[Date "2009.3.4"]
[Round "-"]
[White "Papi"]
[Black "kingcleaner"]
[Result "0-1"]
[WhiteElo "1801"]
[BlackElo "1943"]

1. e4 e5 2. Nf3 Nc6 3. Bb5 a6 4. Bxc6 dxc6 5. O-O Bg4 6. h3 Bh5 7. g4 Bg6 8.
Nxe5 Bd6 9. Nc4 f6 10. d4 Bf7 11. Ne3 Ne7 12. Nc3 h5 13. Nf5 Nxf5 14. exf5 Qd7
15. Re1+ Kd8 16. Qd3 hxg4 17. hxg4 b5 18. g5 Bh2+ 19. Kg2 b4 20. Na4 Bd5+ 21. f3
Qd6 22. Nc5 Qg3+ 23. Kf1 Qg1+ 24. Ke2 Qg2+ 25. Kd1 Bxf3+ 26. Re2 Qf1+ 27. Kd2
Bf4+ 28. Qe3 Qxe2# 0-1

[Event "Challenge"]
[Site "http://www.queenalice.com/game.php?id=554982"]
[Date "2009.3.12"]
[Round "-"]
[White "Piritubachess"]
[Black "Papi"]
[Result "0-1"]
[WhiteElo "1906"]
[BlackElo "1775"]

1. e4 e5 2. Nf3 Nc6 3. Bb5 a6 4. Ba4 Nf6 5. Nc3 Bc5 6. h3 b5 7. Bb3 d6 8. d3 Be6
9. Bxe6 fxe6 10. Ng5 Nd4 11. Be3 h6 12. Nf3 g5 13. O-O g4 14. hxg4 Nxg4 15. Re1
Rg8 16. a3 Nxf3+ 17. Qxf3 Qh4 18. Qh3 Qxh3 19. gxh3 Nxe3+ 20. Kh1 Nxc2 21. Rg1
Ke7 22. Rxg8 Rxg8 23. Rc1 Nd4 24. b4 Bb6 25. a4 bxa4 26. Nxa4 Nf3 27. Nxb6 cxb6
28. Rc7+ Kf6 29. Rc1 d5 30. exd5 exd5 31. Rc6+ Kf5 32. Rc1 e4 33. dxe4+ Kxe4 34.
Ra1 d4 35. Rd1 d3 36. Ra1 d2 37. Rb1 Kd3 38. b5 axb5 39. Rb3+ Ke2 40. Rb1 d1=Q+
41. Rxd1 Kxd1 0-1

[Event "Challenge"]
[Site "http://www.queenalice.com/game.php?id=569153"]
[Date "2009.4.9"]
[Round "-"]
[White "Martial"]
[Black "Papi"]
[Result "1-0"]
[WhiteElo "1429"]
[BlackElo "1760"]

1. e4 e5 2. Nf3 d6 3. Bb5+ c6 4. Ba4 Nf6 5. Nc3 Bg4 6. O-O b5 7. Bb3 b4 8. Ne2
Nxe4 9. d3 Nf6 10. Ng5 Nd5 11. d4 h6 12. Nf3 e4 13. Nd2 e3 14. fxe3 Nxe3 15. Qe1
Nxf1 16. Qxf1 Qe7 17. Nf3 h5 18. Ng5 Bxe2 19. Qf2 d5 20. Bd2 Bg4 21. Re1 Be6 22.
Bxb4 Qxg5 23. Bxf8 Kxf8 24. Rxe6 Rh6 25. Re5 Qc1+ 26. Re1 Qxb2 27. Qh4 Nd7 28.
Qe7+ Kg8 29. Qxd7 Qxd4+ 30. Kh1 1-0

[Event "Challenge"]
[Site "http://www.queenalice.com/game.php?id=606828"]
[Date "2009.6.21"]
[Round "-"]
[White "Andre_Mendes"]
[Black "Papi"]
[Result "0-1"]
[WhiteElo "1776"]
[BlackElo "1789"]

1. e4 e5 2. Nf3 d6 3. Nc3 Nf6 4. Bc4 Nc6 5. Ng5 d5 6. exd5 Nd4 7. d6 Qxd6 8.
Nxf7 Qc6 9. Bd5 Nxd5 10. Nxh8 Nf4 11. Rg1 Nxg2+ 12. Kf1 Nf4 13. d3 Bh3+ 14. Ke1
Nf3+ 15. Qxf3 Qxf3 16. Bxf4 exf4 17. a4 Bc5 18. Rxg7 Qxf2+ 19. Kd1 Qf1+ 20. Kd2
Be3# 0-1

[Event "Challenge"]
[Site "http://www.queenalice.com/game.php?id=622255"]
[Date "2009.7.21"]
[Round "-"]
[White "Papi"]
[Black "Joll"]
[Result "1-0"]
[WhiteElo "1731"]
[BlackElo "1744"]

1. e4 e5 2. Nf3 d6 3. d4 exd4 4. Nxd4 h6 5. Nc3 Nf6 6. Bb5+ Bd7 7. Qe2 c5 8. Nf5
a6 9. e5 Bxb5 10. exf6+ Bxe2 11. fxg7 Bxg7 12. Nxg7+ Kf8 13. Nf5 Bg4 14. Ne3 Qe7
15. Bd2 Be6 16. O-O-O Nc6 17. f4 b5 18. f5 Bc4 19. Rhe1 Qh4 20. h3 b4 21. Na4
Rb8 22. g3 Qxh3 23. Nxc4 Qxg3 24. Nab6 Rb7 25. Nd5 h5 26. Bf4 Qf3 27. Bxd6+ Kg8
28. Rf1 Qe2 29. Rg1+ Kh7 30. Nf6+ Kh6 31. Bf4# 1-0

[Event "Challenge"]
[Site "http://www.queenalice.com/game.php?id=625401"]
[Date "2009.7.27"]
[Round "-"]
[White "Mike36bh"]
[Black "Papi"]
[Result "1-0"]
[WhiteElo "1818"]
[BlackElo "1806"]

1. d4 Nf6 2. d5 e6 3. c4 Bc5 4. Bg5 h6 5. Bxf6 Qxf6 6. Nf3 Qxb2 7. Nbd2 Qb6 8.
e3 Na6 9. a3 f6 10. Bd3 f5 11. Ne5 Qb2 12. Qh5+ Ke7 13. Qd1 Qxe5 14. O-O exd5
15. cxd5 Qxd5 16. e4 Qxd3 17. exf5 Qxf5 18. Nb3 Rf8 19. Nxc5 Nxc5 20. Re1+ Kd8
21. Qe2 Nd3 22. Qe7# 1-0

[Event "Challenge"]
[Site "http://www.queenalice.com/game.php?id=631835"]
[Date "2009.8.7"]
[Round "-"]
[White "Mike36bh"]
[Black "Papi"]
[Result "1-0"]
[WhiteElo "1803"]
[BlackElo "1790"]

1. d4 d5 2. Nc3 Nf6 3. Bf4 Bf5 4. h3 Na6 5. a3 e6 6. Nf3 Bd6 7. Bxd6 Qxd6 8. Nb5
Qc6 9. Nc3 b5 10. e3 b4 11. axb4 Nxb4 12. Rc1 O-O 13. Ne5 Qb7 14. Bd3 Bxd3 15.
cxd3 1-0

[Event "Challenge"]
[Site "http://www.queenalice.com/game.php?id=631836"]
[Date "2009.8.7"]
[Round "-"]
[White "Papi"]
[Black "Mike36bh"]
[Result "0-1"]
[WhiteElo "1774"]
[BlackElo "1834"]

1. e4 e5 2. Nf3 d6 3. d4 exd4 4. Nxd4 h6 5. Bb5+ Bd7 6. Nc3 Bxb5 7. Ndxb5 a6 8.
Nd4 Nf6 9. Bf4 Be7 10. h4 Qd7 11. f3 Nc6 12. g4 Nh7 13. g5 hxg5 0-1

[Event "Challenge"]
[Site "http://www.queenalice.com/game.php?id=663384"]
[Date "2009.10.6"]
[Round "-"]
[White "Papi"]
[Black "Erivaldo"]
[Result "0-1"]
[WhiteElo "1748"]
[BlackElo "1124"]

1. e4 e5 2. Nf3 Nc6 3. Nc3 Nf6 4. Bc4 Qe7 5. Ng5 Nd8 6. d4 d6 7. d5 h6 8. Nf3 b6
9. Bb5+ Bd7 10. Qd3 Nb7 11. Ba4 Nc5 12. Qc4 Nxa4 13. Nxa4 Qd8 14. Nc3 Qb8 15.
Nb5 Bxb5 16. Qxb5+ Nd7 17. Bd2 a6 18. Qe2 Be7 0-1

[Event "AUTO-OPEN-3599"]
[Site "http://www.queenalice.com/game.php?id=1404309"]
[Date "2016.1.15"]
[Round "1"]
[White "Magogue"]
[Black "Papi"]
[Result "0-1"]
[WhiteElo "1699"]
[BlackElo "1734"]

1. e4 e5 2. Nf3 d6 3. d4 Nc6 4. Bb5 a6 5. Bxc6+ bxc6 6. dxe5 d5 7. c4 dxe4 8.
Qxd8+ Kxd8 9. Ng5 Be6 10. b3 h6 11. Nxe6+ fxe6 12. Nc3 Bb4 13. Bd2 Bxc3 14. Bxc3
Ne7 15. O-O g5 16. Rfe1 Nf5 17. Rxe4 h5 18. Rd1+ Ke7 19. f4 g4 20. g3 h4 21. Kf2
hxg3+ 22. hxg3 Rh2+ 23. Kg1 Rxa2 24. Rd3 Rh8 25. Be1 Rah2 26. c5 Rh1+ 0-1

[Event "AUTO-OPEN-3599"]
[Site "http://www.queenalice.com/game.php?id=1404310"]
[Date "2016.1.15"]
[Round "1"]
[White "Papi"]
[Black "Magogue"]
[Result "1-0"]
[WhiteElo "1718"]
[BlackElo "1715"]

1. e4 e5 2. Nf3 Nc6 3. Bc4 Be7 4. Nc3 Nf6 5. d4 exd4 6. Nxd4 Ne5 7. Qe2 Nxc4 8.
Qxc4 O-O 9. e5 Ng4 10. Nf3 d6 11. h3 Nxe5 12. Nxe5 dxe5 13. Be3 b6 14. Rd1 Bd6
15. g4 a5 16. h4 Ba6 17. Qc6 Rb8 18. Qa4 Bc8 19. g5 Bd7 20. Qc4 b5 21. Qd3 b4
22. Ne2 Bb5 23. c4 Bc6 24. Rg1 e4 25. Qc2 a4 26. c5 1-0

[Event "AUTO-OPEN-3599"]
[Site "http://www.queenalice.com/game.php?id=1404333"]
[Date "2016.1.15"]
[Round "1"]
[White "Papi"]
[Black "deathbydixxon"]
[Result "1-0"]
[WhiteElo "1797"]
[BlackElo "1637"]

1. e4 e5 2. Nf3 d6 3. Bc4 h6 4. Nc3 Bg4 5. h3 Bh5 6. g4 Bg6 7. d4 exd4 8. Qxd4
Qd7 9. Bb5 c6 10. Bc4 c5 11. Qd3 Nc6 12. g5 h5 13. Nh4 Be7 14. Nxg6 fxg6 15. f4
Nb4 16. Qe2 O-O-O 17. Bb5 Nc6 18. Be3 a6 19. Bc4 Na5 20. O-O-O Nxc4 21. Qxc4 Qc6
22. Qe6+ Qd7 23. Qxg6 b6 24. e5 Bf8 25. e6 Qc6 26. Nd5 Rh6 27. Qf7 Rh8 28. Qa7
Qb7 29. Qxb6 Qxb6 30. Nxb6+ Kc7 31. Nd5+ Kc6 32. f5 Ne7 33. Nf4 Nxf5 34. Bxc5
Kxc5 35. Rd5+ 1-0

[Event "AUTO-OPEN-3599"]
[Site "http://www.queenalice.com/game.php?id=1404334"]
[Date "2016.1.15"]
[Round "1"]
[White "deathbydixxon"]
[Black "Papi"]
[Result "0-1"]
[WhiteElo "1646"]
[BlackElo "1769"]

1. e4 e5 2. Bc4 Nc6 3. Nf3 Nf6 4. Nc3 Bc5 5. O-O d6 6. h3 a6 7. a3 Bd4 8. Ng5
Be6 9. Bxe6 fxe6 10. Nxe6 Qe7 11. Nxd4 exd4 12. Ne2 Nxe4 13. Ng3 d5 14. Qh5+ g6
15. Qxd5 Nf6 16. Qb3 Na5 17. d3 Nxb3 18. cxb3 O-O-O 19. Bg5 Qe5 20. Ne4 Nxe4 21.
Bxd8 Nd2 22. Rfe1 Qd5 23. Bf6 Rf8 24. Re5 Qxb3 25. Re2 Qxb2 26. Rae1 Rxf6 27. f3
Rc6 28. Re8+ Kd7 29. R1e7+ Kd6 30. Re6+ Kc5 31. Re5+ Kb6 32. a4 Rc1+ 33. Kh2
Nxf3+ 0-1

[Event "AUTO-OPEN-3599"]
[Site "http://www.queenalice.com/game.php?id=1404335"]
[Date "2016.1.15"]
[Round "1"]
[White "Papi"]
[Black "worldwide"]
[Result "1-0"]
[WhiteElo "1780"]
[BlackElo "1803"]

1. e4 e5 2. Nf3 d6 3. Nc3 b6 4. d4 exd4 5. Nxd4 Bb7 6. Bb5+ Nd7 7. Qe2 Nf6 8.
Bg5 Be7 9. f4 O-O 10. e5 dxe5 11. fxe5 Nd5 12. e6 fxe6 13. Nxe6 Nxc3 14. bxc3
Bxg5 15. Nxd8 Raxd8 16. Kd1 Nc5+ 17. Bd3 Ne4 18. Ke1 Bh4+ 19. g3 Nxg3 20. hxg3
Bxg3+ 21. Kd2 Bxh1 22. Qe6+ Kh8 23. Rxh1 Bf4+ 24. Kd1 g6 25. Rxh7+ 1-0

[Event "Challenge"]
[Site "http://www.queenalice.com/game.php?id=1413798"]
[Date "2016.3.17"]
[Round "-"]
[White "Papi"]
[Black "Cautor"]
[Result "0-1"]
[WhiteElo "1807"]
[BlackElo "1759"]

1. e4 e5 2. Nf3 Nc6 3. Bb5 Nf6 4. O-O Nxe4 5. d4 d5 6. Nxe5 Qf6 7. f3 Nd6 8.
Nxc6 Nxb5 9. Qe2+ Be6 10. Qxb5 Bd7 11. Re1+ Be7 12. Qxd5 Qxc6 13. Qe5 Be6 14.
Nc3 Bf6 15. Qe4 O-O-O 16. Be3 g6 17. Qxc6 bxc6 18. a4 c5 19. Ne4 Bxd4 20. Bxd4
cxd4 21. Nc5 Bf5 22. Rac1 Rhe8 23. Na6 Rxe1+ 24. Rxe1 Bxc2 25. Rc1 d3 0-1

[Event "AUTO-OPEN-3599"]
[Site "http://www.queenalice.com/game.php?id=1422692"]
[Date "2016.5.12"]
[Round "2"]
[White "Gera"]
[Black "Papi"]
[Result "1-0"]
[WhiteElo "2055"]
[BlackElo "1783"]

1. c4 e5 2. a3 Nf6 3. Nc3 d6 4. g3 Nc6 5. Bg2 Bf5 6. e3 Bd3 7. Nge2 Bxc4 8. d3
Be6 9. b4 d5 10. Bb2 d4 11. exd4 exd4 12. Nb5 1-0

[Event "AUTO-OPEN-3599"]
[Site "http://www.queenalice.com/game.php?id=1422693"]
[Date "2016.5.12"]
[Round "2"]
[White "Papi"]
[Black "Gera"]
[Result "0-1"]
[WhiteElo "1789"]
[BlackElo "2049"]

1. e4 e5 2. Nf3 d6 3. d4 exd4 4. Nxd4 b6 5. Bb5+ Nd7 6. h4 Bb7 7. f3 Be7 8. Nf5
Bf6 9. g4 h6 10. h5 Ne7 11. Bxd7+ Qxd7 0-1

[Event "AUTO-OPEN-3599"]
[Site "http://www.queenalice.com/game.php?id=1422698"]
[Date "2016.5.12"]
[Round "2"]
[White "Pagano"]
[Black "Papi"]
[Result "1-0"]
[WhiteElo "2059"]
[BlackElo "1780"]

1. e4 e5 2. f4 exf4 3. Nf3 g5 4. Bc4 Bg7 5. O-O d6 6. d4 h6 7. Nc3 Nc6 8. Bb5
Bg4 9. d5 Bd7 10. dxc6 bxc6 11. Bc4 Qe7 12. Qd3 Nf6 13. b3 Nxe4 14. Re1 Bxc3 15.
Rxe4 Bxa1 16. Rxe7+ Kxe7 17. c3 g4 18. Nd4 Kf6 19. Bxf4 Rae8 20. Qf1 Bxc3 21.
Bxd6+ 1-0

[Event "AUTO-OPEN-3599"]
[Site "http://www.queenalice.com/game.php?id=1422699"]
[Date "2016.5.12"]
[Round "2"]
[White "Papi"]
[Black "Pagano"]
[Result "0-1"]
[WhiteElo "1775"]
[BlackElo "2064"]

1. e4 a6 2. d4 e6 3. Nf3 b5 4. Bd3 Bb7 5. O-O c5 6. c3 d6 7. a4 c4 8. Bc2 Nf6 9.
Bg5 Be7 10. axb5 axb5 11. Rxa8 Bxa8 12. Na3 Nxe4 13. Bxe7 Kxe7 14. Qa1 Bc6 15.
Qc1 h6 16. Re1 Nf6 17. b3 Qc7 18. bxc4 bxc4 19. Nh4 Kd7 20. Qe3 Nd5 0-1